000 00349nam a2200157Ia 4500
008 100204s9999 xx 000 0 und d
082 _b29243
100 _aकदम बाबा
245 _aघायाळ
250 _a0
260 _c2009
300 _a336
630 _aघायाळ
730 _aघायाळ
942 _cBOOK
999 _c474497
_d474494